Александр I и Наполеон : (Record no. 438116)
[ view plain ]
| 000 -LEADER | |
|---|---|
| fixed length control field | 00915nam a2200217 a 4500 |
| 003 - CONTROL NUMBER IDENTIFIER | |
| control field | AM-YeHGA |
| 005 - DATE AND TIME OF LATEST TRANSACTION | |
| control field | 20250617155736.0 |
| 008 - FIXED-LENGTH DATA ELEMENTS--GENERAL INFORMATION | |
| fixed length control field | 180221s1915 ru |||||r|||||000|0brus|| |
| 040 ## - CATALOGING SOURCE | |
| Original cataloging agency | AM-YeHGA |
| 041 0# - LANGUAGE CODE | |
| Language code of text/sound track or separate title | rus |
| 090 ## - LOCALLY ASSIGNED LC-TYPE CALL NUMBER (OCLC); LOCAL CALL NUMBER (RLIN) | |
| -- | 440836 |
| 100 1# - MAIN ENTRY--PERSONAL NAME | |
| Personal name | Дживелегов, Алексей Карпович |
| 245 10 - TITLE STATEMENT | |
| Title | Александр I и Наполеон : |
| Remainder of title | Исторические очерки / |
| Statement of responsibility, etc. | А.К. Дживелегов. |
| 260 ## - PUBLICATION, DISTRIBUTION, ETC. | |
| Place of publication, distribution, etc. | Москва : |
| Name of publisher, distributor, etc. | М. и С. Сабашниковы, |
| Date of publication, distribution, etc. | 1915. |
| 300 ## - PHYSICAL DESCRIPTION | |
| Extent | VIII, 302 с. ; |
| Dimensions | 22 см. |
| 600 04 - SUBJECT ADDED ENTRY--PERSONAL NAME | |
| Personal name | Александр |
| Numeration | I |
| Titles and other words associated with a name | имп. |
| Dates associated with a name | 1777-1825 |
| 600 04 - SUBJECT ADDED ENTRY--PERSONAL NAME | |
| Personal name | Наполеон |
| Numeration | I |
| Titles and other words associated with a name | имп. фр. |
| Dates associated with a name | 1769-1821 |
| 650 14 - SUBJECT ADDED ENTRY--TOPICAL TERM | |
| Topical term or geographic name entry element | История |
| Geographic subdivision | Россия |
| Chronological subdivision | Период феодализма (4 в.-1861 г.) |
| 650 14 - SUBJECT ADDED ENTRY--TOPICAL TERM | |
| Topical term or geographic name entry element | История зарубежных стран |
| Geographic subdivision | Франция |
| Chronological subdivision | Период капитализма |
| 942 ## - ADDED ENTRY ELEMENTS (KOHA) | |
| Source of classification or shelving scheme | Universal Decimal Classification |
| Koha item type | Գրքեր / Books |
| Withdrawn status | Lost status | Source of classification or shelving scheme | Damaged status | Not for loan | Collection | Home library | Current library | Date acquired | Total checkouts | Full call number | Barcode | Date last seen | Date last checked out | Price effective from | Koha item type | Public note |
|---|---|---|---|---|---|---|---|---|---|---|---|---|---|---|---|---|
| Universal Decimal Classification | General | Fundamental Scientific Library | Fundamental Scientific Library | 30/09/2019 | 3 | PII/17528 | FL0601407 | 09/03/2020 | 09/03/2020 | 30/09/2019 | Գրքեր / Books | 30 Days Loan |
ՀՀ Գիտությունների ազգային ակադեմիայի հիմնարար գիտական գրադարան = Fundamental Scientific Library of NAS RA
All site content, except where otherwise noted, is licensed under a